Civilization in the West /
Obra sobre la civilización occidental. Contenido: El mundo antiguo. El nacimiento de un nuevo mundo. El mundo medieval en Europa occidental y oriental. Renacimiento y Reforma. El siglo XVII. La Ilustración. El siglo XVIII. La Revolución Francesa y Napoleón. Revoluciones Europeas. El siglo XIX. La Pr...
Gardado en:
| Autor Principal: | |
|---|---|
| Formato: | Libro |
| Idioma: | inglés |
| Publicado: |
Englewood Cliffs, EUA :
Prentice-Hall,
1965, c1964
|
| Temas: | |
| Etiquetas: |
Sen Etiquetas, Sexa o primeiro en etiquetar este rexistro!
|
MARC
| LEADER | 00000nam^a2200000^a^4500 | ||
|---|---|---|---|
| 001 | 000099854 | ||
| 005 | 20250521000000.0 | ||
| 009 | 20260310093142.204 | ||
| 037 | |a Acervo ITESO - Biblioteca | ||
| 041 | |a ING | ||
| 082 | |a 909. |b BRI | ||
| 100 | |a Brinton, Crane |e (autor) | ||
| 245 | 1 | 0 | |a Civilization in the West / |c C. Brinton, J.B. Christopher, R.L. Wolf. |
| 264 | 4 | |a Englewood Cliffs, EUA : |b Prentice-Hall, |c 1965, c1964 | |
| 300 | |a XVI, [16], 717 p. | ||
| 336 | |a texto |b txt |2 rdacontenido | ||
| 337 | |a sin mediación |b n |2 rdamedio | ||
| 338 | |a volumen |b nc |2 rdasoporte | ||
| 520 | |a Obra sobre la civilización occidental. Contenido: El mundo antiguo. El nacimiento de un nuevo mundo. El mundo medieval en Europa occidental y oriental. Renacimiento y Reforma. El siglo XVII. La Ilustración. El siglo XVIII. La Revolución Francesa y Napoleón. Revoluciones Europeas. El siglo XIX. La Primera Guerra Mundial y la Revolución rusa. El mundo contemporáneo. | ||
| 649 | |a XX | ||
| 650 | |a Europa - |x Historia | ||
| 650 | |a Occidente - |x Historia | ||
| 650 | |a Civilización | ||
| 650 | |a Historia Antigua | ||
| 650 | |a Edad Media - |x Historia | ||
| 650 | |a Renacimiento | ||
| 650 | |a Reforma - |x Historia | ||
| 650 | |a Ilustración (Filosofía) | ||
| 650 | |a Filosofía Moderna | ||
| 650 | |a Imperialismo | ||
| 650 | |a Política Internacional | ||
| 650 | |a Relaciones Internacionales | ||
| 650 | |a Historia Moderna | ||
| 650 | |a Religión | ||
| 650 | |a Historia Universal | ||
| 910 | |a Fondo Jesús Rodríguez | ||
| 920 | |a Impresos - Libros | ||
| 930 | |a Fondos Especiales | ||
| 905 | |a 113 | ||
| 901 | |a 0500036053 |b IT2 |c ESP |u 20250521 | ||
| 902 | |a https://opac.biblio.iteso.mx/vufind/Record/000099854 | ||